US Urban Areas in a Single State - Statistics

General Stats
  • This quiz has been taken 97 times
  • The average score is 18 of 20
Answer Stats
Hint Answer % Correct
California Los Angeles
100%
Florida Miami
100%
California San Francisco
100%
Michigan Detroit
99%
Texas Houston
99%
Arizona Phoenix
99%
Georgia Atlanta
98%
Texas Dallas
98%
Washington Seattle
98%
Colorado Denver
96%
California San Diego
96%
Nevada Las Vegas
95%
Maryland Baltimore
93%
California Sacramento
93%
Ohio Cleveland
90%
Pennsylvania Pittsburgh
87%
Texas San Antonio
87%
Florida Tampa
85%
California San Jose
77%
California San Bernardino
58%
No matching quizzes found
Score Distribution
Percent of People with Each Score
Percentile by Number Answered
Your Score History
You have not taken this quiz